| 000 | 00378nam a2200133Ia 4500 | ||
|---|---|---|---|
| 008 | 150202s9999 xx 000 0 und d | ||
| 020 | _a006709207X | ||
| 050 |
_aFIC _bFIC |
||
| 100 | _aBrandford, Barbara Taylor. | ||
| 245 |
_aEverything to gain / _cBarbara Brandford. |
||
| 260 |
_aNew York : _bStripped Books, _c1994. |
||
| 300 |
_a391 pages : _c18 cm. |
||
| 650 | _aFiction. | ||
| 999 |
_c281865 _d281865 |
||